00353nam a2200133Ia 4500008004100000041000800041082001600049100001800065245005300083260004100136300001100177650001200188999001900200230724s1967 xx 000 0 und d aeng a348.048/CHA aChaitely D.V. aAll India Reporter -1967 SUpreme Court 1 to 1200 aNagpurbThe All India Reporterc1967 a1200p. aREPORTS c742900d742900